| 000 | 00570cam a2200217ua 4500 | ||
|---|---|---|---|
| 020 | _c45.00 | ||
| 041 |
_aeng _h |
||
| 082 |
_a630 _bMIT/AN |
||
| 100 | _aMitchell, Rodger . | ||
| 245 |
_aAnalysis of Indian agro-ecosystems / _cRodger Mitchell. _hTextual Documents |
||
| 250 |
_a1 / _b. |
||
| 260 |
_aNew Delhi : _bInterprint , _c1979. |
||
| 300 | _a180 ; . | ||
| 365 | _a45.00 | ||
| 440 | 0 |
_aEnvironment science series, _v _x; |
|
| 490 | 0 |
_aEnvironment science series, _v _x; |
|
| 504 | _a | ||
| 942 | _cBK | ||
| 999 |
_c7311 _d7311 |
||